000 00434 a2200157 4500
003 OSt
005 20240116152426.0
008 240116b |||||||| |||| 00| 0 eng d
040 _coclc
082 _a297
_bMOU/A
100 _aMoulavi, K C Abdulla
_91854
245 _aAllahu Quraanil /
_cK C Abdullah Moulavi
260 _aKerala:
_bIPH,
_c2011.
300 _a373p
942 _2ddc
_cBK
_h297
_iMOU/A
_k297
_mMOU/A
999 _c43216
_d43216